[Event "POL-chT U19 2nd League"]
[Site "Szczyrk"]
[Date "2014.07.31"]
[Round "9.105"]
[White "Niemier, Hubert"]
[Black "Gondro, Kacper"]
[Result "0-1"]
[WhiteElo "1413"]
[BlackElo "1514"]
[PlyCount "108"]
[EventDate "2014.07.25"]
[EventType "team-swiss"]
[EventRounds "11"]
[EventCountry "POL"]
[SourceTitle "EXT 2015"]
[Source "ChessBase"]
[SourceDate "2014.11.20"]
[SourceVersion "1"]
[SourceVersionDate "2014.11.20"]
[SourceQuality "1"]
[WhiteTeam "Poznan Politechnika U19"]
[BlackTeam "Czestochowa UKS Hetman U19"]
[WhiteTeamCountry "POL"]
[BlackTeamCountry "POL"]

1. d4 d5 2. c4 e6 3. Nc3 Nf6 4. cxd5 exd5 5. Bg5 c6 6. e3 Be7 7. Bd3 Nbd7 8. Nge2 0-0 9. 0-0 Re8 10. f3 Nf8 11. Bh4 Ng6 12. Bf2 Bd6 13. e4 dxe4 14. fxe4 Ng4 15. e5 Bc7 16. h3 Nxf2 17. Rxf2 Bb6 18. Bc4 Be6 19. Bxe6 Rxe6 20. Na4 Rc8 21. Nc5 Bxc5 22. dxc5 Qxd1+ 23. Rxd1 Rxe5 24. Nc3 f6 25. Rd7 Re7 26. Rfd2 Rce8 27. Kf2 Ne5 28. Rxe7 Rxe7 29. Ne2 Rd7 30. Rd6 Nd3+ 31. Ke3 Nxc5 32. Rxd7 Nxd7 33. Kd4 Kf7 34. Nc3 f5 35. Ne2 g5 36. Ng3 Kg6 37. Nf1 Kf6 38. Nd2 Ke6 39. b4 Nb6 40. Nf3 h6 41. Ne5 Nd5 42. Nd3 b6 43. g3 Nxb4 44. Nxb4 c5+ 45. Kc4 cxb4 46. Kxb4 Kd5 47. Kb5 f4 48. gxf4 gxf4 49. Ka6 Kc6 50. Kxa7 f3 51. h4 f2 52. h5 f1Q 53. a4 Qf7+ 54. Ka6 Qb7# 0-1

[Event "POL-chT U19 2nd League"]
[Site "Szczyrk"]
[Date "2014.07.26"]
[Round "2.82"]
[White "Gondro, Kacper"]
[Black "Galuszka, Tomasz"]
[Result "1-0"]
[WhiteElo "1514"]
[BlackElo "1344"]
[PlyCount "99"]
[EventDate "2014.07.25"]
[EventType "team-swiss"]
[EventRounds "11"]
[EventCountry "POL"]
[SourceTitle "EXT 2015"]
[Source "ChessBase"]
[SourceDate "2014.11.20"]
[SourceVersion "1"]
[SourceVersionDate "2014.11.20"]
[SourceQuality "1"]
[WhiteTeam "Czestochowa UKS Hetman U19"]
[BlackTeam "Jastrzebie Zdroj Pionier U19"]
[WhiteTeamCountry "POL"]
[BlackTeamCountry "POL"]

1. e4 c6 2. d3 d5 3. Nd2 e5 4. Ngf3 Bg4 5. Qe2 Bc5 6. g3 Nd7 7. Bg2 Ngf6 8. 0-0 0-0 9. Rd1 d4 10. a4 Qc7 11. Nc4 b5 12. axb5 cxb5 13. Ncd2 Bb6 14. h3 Bxf3 15. Nxf3 Rac8 16. Ne1 h6 17. f4 exf4 18. Bxf4 Qc5 19. b4 Qe7 20. e5 Rfe8 21. Qd2 Nxe5 22. Nf3 Nxf3+ 23. Bxf3 Qd7 24. g4 g5 25. Bxg5 Nd5 26. Bxd5 Qxd5 27. Bxh6 f6 28. Rf1 Rc6 29. Rf5 Qf7 30. Raf1 Qg6 31. Rxb5 Rce6 32. Qf4 Bc7 33. Qxc7 Qxh6 34. Rh5 Qg6 35. Qxa7 Re2 36. Qxd4 R2e6 37. c4 Qf7 38. b5 Qc7 39. Qd5 Qg3+ 40. Kh1 Kg7 41. Qf3 Qd6 42. Qf5 Rh8 43. Rxh8 Kxh8 44. c5 Qg3 45. g5 Re2 46. Qxf6+ Kg8 47. Qf7+ Kh8 48. Qh5+ Kg8 49. Qg6+ Kh8 50. Rf8# 1-0